Gemeinden von Oberwart - Statistiken

Allgemein
  • Dieses Quiz wurde 247 mal gespielt
  • Das Durchschnittsergebnis liegt bei 18 aus 32
Antworten auf der Karte
Die Antworten werden auf der Karte rot bzw. grün angezeigt, abhängig davon wie oft sie richtig erraten wurden.
 
Antwortstatistiken
Einwohner Gemeinde % Korrekt
7.662 Oberwart
100%
5.882 Pinkafeld
93%
2.937 Rechnitz
81%
2.004 Stadtschlaining
70%
959 Unterwart
70%
2.079 Bernstein
69%
3.549 Großpetersdorf
63%
1.433 Rotenturm an der Pinka
63%
1.249 Grafenschachen
61%
1.353 Loipersdorf-Kitzladen
59%
1.873 Markt Allhau
59%
1.435 Wolfau
59%
2.452 Oberschützen
57%
1.600 Bad Tatzmannsdorf
56%
1.448 Kohfidisch
56%
1.139 Mariasdorf
56%
831 Weiden bei Rechnitz
56%
1.010 Oberdorf im Burgenland
54%
1.165 Wiesfleck
54%
1.083 Deutsch Schützen-Eisenberg
52%
746 Hannersdorf
52%
1.002 Unterkohlstätten
52%
659 Markt Neuhodis
50%
1.527 Mischendorf
50%
1.647 Riedlingsdorf
50%
747 Schachendorf
50%
1.495 Kemeten
46%
1.133 Litzelsdorf
46%
804 Neustift an der Lafnitz
43%
754 Jabing
35%
264 Schandorf
35%
288 Badersdorf
33%
Keine übereinstimmenden Quizze gefunden
Verteilung der Resultate
Anzahl Personen mit jedem Resultat
Perzentil nach korrekt beantworteten Fragen
Ihre Resultats-Entwicklung
Sie haben dieses Quiz noch nicht gespielt